Gaming Quiz

Random Gaming or Mario Quiz

Mario Party Boards Quiz Stats

 Plays Quiz not verified by Sporcle

Score 0/94 Timer 10:00
0 Plays Today
Mario Party Game Party Board % Correct
Mario PartyPeach's Birthday Cake
77.1%
Mario PartyLuigi's Engine Room
71.4%
Mario PartyWario's Battle Canyon
71.4%
Mario PartyYoshi's Tropical Island
71.4%
Mario PartyMario's Rainbow Castle
68.6%
Mario Party 2Pirate Land
68.6%
Mario Party 2 Western Land
68.6%
Mario PartyDK's Jungle Adventure
65.7%
Mario PartyBowser's Magma Mountain
65.7%
Mario Party 2Mystery Land
65.7%
Mario Party 2Space Land
65.7%
Mario Party 2 Bowser Land
65.7%
Mario PartyEternal Star
62.9%
Mario Party 2Horror Land
62.9%
Mario Party 3Chilly Waters
57.1%
Mario Party 9Toad Road
57.1%
Mario Party 5Pirate Dream
54.3%
Mario Party 9Bob-omb Factory
54.3%
Mario Party 5Toy Dream
51.4%
Mario Party 7Pagoda Peak
51.4%
Mario Party DSToadette's Music Room
51.4%
Mario Party DSKamek's Library
51.4%
Mario Party 3Woody Woods
48.6%
Mario Party 3Spiny Desert
48.6%
Mario Party 5Sweet Dream
48.6%
Mario Party 5Bowser Nightmare
48.6%
Mario Party 7Grand Canal
48.6%
Mario Party 7Windmillville
48.6%
Mario Party 7Neon Heights
48.6%
Mario Party 8Goomba's Booty Boardwalk
48.6%
Mario Party 10Mushroom Park
48.6%
Amiibo BoardMario Board
48.6%
Mario Party Game Party Board % Correct
Amiibo BoardLuigi Board
48.6%
Amiibo BoardPeach Board
48.6%
Mario Party 3Creepy Cavern
45.7%
Mario Party 3Waluigi's Island
45.7%
Mario Party 4Toad's Midway Madness
45.7%
Mario Party 4Goomba's Greedy Gala
45.7%
Mario Party 4Koopa's Seaside Soiree
45.7%
Mario Party 4Shy Guy's Jungle Jam
45.7%
Mario Party 5Undersea Dream
45.7%
Mario Party 5Rainbow Dream
45.7%
Mario Party 7Pyramid Park
45.7%
Mario Party 7Bowser's Enchanted Inferno
45.7%
Mario Party 8Shy Guy's Perplex Express
45.7%
Mario Party 8Bowser's Warped Orbit
45.7%
Amiibo BoardYoshi Board
45.7%
Amiibo BoardRosalina Board
45.7%
Amiibo Board Bowser Board
45.7%
Mario Party 4Boo's Haunted Bash
42.9%
Mario Party 5Future Dream
42.9%
Mario Party 6Clockwork Castle
42.9%
Mario Party 8Koopa's Tycoon Town
42.9%
Mario Party 9Boo's Horror Castle
42.9%
Mario Party 9Blooper Beach
42.9%
Amiibo BoardWario Board
42.9%
Amiibo BoardToad Board
42.9%
Mario Party DSWiggler's Garden
42.9%
Mario Party 3Deep Bloober Sea
40%
Mario Party 3 (duel board)Gate Guy
40%
Mario Party 3 (duel board)Arrowhead
40%
Mario Party 3 (duel board)Mr Mover
40%
Mario Party 4 Bowser's Gnarly Party
40%
Mario Party 6 Faire Square
40%
Mario Party Game Party Board % Correct
Mario Party 6Castaway Bay
40%
Mario Party 6E Gadd's Garage
40%
Mario Party 8DK's Treetop Temple
40%
Mario Party 8King Boo's Haunted Hideaway
40%
Mario Party 9Magma Mine
40%
Mario Party 10Chaos Castle
40%
Mario Party DSBowser's Pinball Machine
40%
Mario Party 3 (duel board)Blowhard
37.1%
Mario Party 3 (duel board)Backtrack
37.1%
Mario Party 6Snowflake Lake
37.1%
Mario Party 9Bowser Station
37.1%
Mario Party 9DK's Jungle Ruins
37.1%
Mario Party 10Whimsical Waters
37.1%
Mario Party 10Haunted Trail
37.1%
Amiibo BoardDK Board
37.1%
Amiibo Board Normal Board
37.1%
Mario Party DSDK's Stone Statue
37.1%
Mario Party 6Towering Treetop
34.3%
Mario Party 10Airship Central
34.3%
Mario Party 6 (Solo Mode)Thirsty Gulch
31.4%
Mario Party 6 (Solo Mode)Infernal Tower
31.4%
Mario Party: Island TourBanzai Bill's Mad Mountain
31.4%
Mario Party 3 (duel board)Pipesqueak
28.6%
Mario Party 6 (Solo Mode)Astro Avenue
28.6%
Mario Party: Island TourPerilous Palace Path
28.6%
Mario Party: Island TourRocket Road
25.7%
Mario Party: Island TourKamek's Carpet Ride
25.7%
Mario Party: Island TourShy Guy's Shuffle City
22.9%
Mario Party: Island TourStar-Crossed Skyway
22.9%
Mario Party: Island TourBowser's Peculiar Peak
20%

You're not logged in!

Compare scores with friends on all Sporcle quizzes.
OR
Log In

Sporcle TV

Today on Sporcle TV


Watch our educational content, quiz creation guides, and fun videos on Sporcle TV.

Show Comments

Extras

Created Jul 19, 2016ReportNominate
Tags:Mario Quiz, Party

Top Quizzes Today


Score Distribution

Your Account Isn't Verified!

In order to create a playlist on Sporcle, you need to verify the email address you used during registration. Go to your Sporcle Settings to finish the process.

Report this User

Report this user for behavior that violates our Community Guidelines.

Details: